|
|
|
|
| LEADER |
01077nam a2200301 u 4500 |
| 001 |
10027375 |
| 003 |
upatras |
| 005 |
20210117210007.0 |
| 008 |
990823r1976 us eng |
| 020 |
|
|
|a 0393008142
|
| 040 |
|
|
|a GR-PaULI
|c GR-PaULI
|
| 041 |
0 |
|
|a eng
|
| 082 |
0 |
4 |
|a 720.09
|
| 100 |
1 |
|
|a Wycherley, R. E.
|q (Richard Ernest)
|9 118104
|
| 245 |
1 |
0 |
|a How the Greeks built cities
|c by R.E. Wycherley
|
| 250 |
|
|
|a 2nd edition
|
| 260 |
|
|
|a New York
|b Norton
|c 1976
|
| 300 |
|
|
|a xxi, 235 p.
|b phot.
|c 19 cm.
|
| 490 |
1 |
|
|a The Norton library
|
| 504 |
|
|
|a Includes bibliographical references and index
|
| 650 |
|
4 |
|a Πολεοδομία
|9 8564
|
| 650 |
|
4 |
|a Αρχιτεκτονική
|z Αρχαία Ελλάδα
|9 7820
|
| 760 |
0 |
|
|a Norton library
|
| 852 |
|
|
|a GR-PaULI
|b ΠΑΤΡΑ
|b ΒΚΠ
|b Γ1
|k ΑΣΧΞ
|h 720.09 W
|m 049452
|p 025000063384
|t 1
|
| 942 |
|
|
|2 ddc
|c BK15
|
| 952 |
|
|
|0 0
|1 0
|4 0
|6 720_090000000000000_W
|7 0
|9 197917
|a LISP
|b LISP
|d 2016-04-24
|i 049452
|l 0
|o 720.09 W
|p 025000063384
|r 2016-04-24 00:00:00
|t 1
|w 2016-04-24
|y BK15
|
| 998 |
|
|
|c ΣΥΨΑ
|d 1999-08
|
| 999 |
|
|
|c 121562
|d 121562
|